00896nam a2200253 a 4500008004100000020002900041040001500070245014400085260004000229300004500269336002600314337002800340338002700368500002000395504004100415650002000456650003200476650001900508700003100527700003300558700003300591003000100624005001700625  a9780198826873 (hardback) aNUSTcNUST10aLegitimacy in global governance :bsources, processes, and consequences/cedited by Jonas Tallberg ; Karin Backstrand and Jan Aart Scholte. aOxford :bUniversity Press, c2018. axv, 253 pages :billustrations ;c24 cm. atextbtxt2rdacontent aunmediatedbn2rdamedia avolumebnc2rdacarrier aIncludes index. aIncludes bibliographical references. 1aWorld politics. aInternational organization. aGlobalization. aTallberg, Jonas.,aeditor. aBackstrand, Karin.,aeditor. aScholte, Jan Aart.,aeditor.20230123141150.0